Responses for Show #2694 - Thursday, April 25, 1996

Beverly Spurs game 3.

Contestants

[<< previous game]

Ken Stokes, a marketing consultant originally from Twin Falls, Idaho

Gary Lynch, a medical communications worker from Los Angeles, California

Beverly Spurs, a podiatrist from Concord, California (whose 2-day cash winnings total $32,700)

[next game >>]

Jeopardy! Round responses

FORTS
SONGS & SINGERS
AMERICAN NOVELISTS
HODGEPODGE
BIOLOGY
FOOD FACTS
    $100 6
Fort Sumter

Ken
    $100 9
The Rolling Stones

Gary
    $100 16
Mark Twain

Beverly
    $100 14
sows

Beverly
    $100 1
the lens

Ken
    $100 26
sardines

Ken
    $200 7
Fort Knox

Beverly
    $200 10
Whitney Houston

Gary
    $200 17
(Nathaniel) Hawthorne

Gary
    $200 15
Lou Gehrig

Ken
    $200 2
DNA

Beverly
    $200 27
garlic

Ken
    $300 8
Fort McHenry

Gary
    $300 11
Bruce Springsteen

Beverly
    $300 20
Alice Walker

Ken
    $300 23
acid rain

Beverly
    $500 3
spores

Beverly
    $300 28
veal

Beverly
    $400 12
(Gary: What is Detroit?)

Chicago

BeverlyGary
    $400 18
James Taylor

Triple Stumper
    $400 21
Steinbeck

Ken
    $400 24
Nancy Drew

Ken
    $400 4
meiosis

Beverly
    $400 29
canard

Beverly
    $500 13
(Beverly: What is Fort Houston?)
(Alex: Be a little more specific.)

Fort Sam Houston

Beverly
    $500 19
"Me and Bobby McGee"

Gary
    $500 22
(Beverly: Who is Gore Vidal?)

Norman Mailer

Beverly
Triple Stumper
    $500 25
Silk Stockings

Gary
    $500 5
carotene

Beverly
    $500 30
Belgium

Gary

Scores at the first commercial break (after clue 15):

Beverly Gary Ken
$3,100 $200 $400

Scores at the end of the Jeopardy! Round:

Beverly Gary Ken
$3,700 $1,900 $1,800

Double Jeopardy! Round responses

WORLD'S FAIRS
GOVERNMENT & POLITICS
LANGUAGES
ABBREVIATIONS
THE 1550s
PLAY CHARACTERS
    $200 22
San Francisco

Beverly
    $200 6
Hawaii

Beverly
    $200 7
Italian

Beverly
    $200 17
occasionally

Ken
    $200 12
India

Beverly
    $200 1
The Odd Couple

Beverly
    $400 23
Australia

Beverly
    $400 27
Lloyd Bentsen

Gary
    $400 8
Gaelic

Beverly
    $400 18
furlong

Beverly
    $400 13
Acapulco

Ken
    $400 2
Blanche DuBois

Beverly
    $2,500 24
(Beverly: What is Chicago?)

Philadelphia

Beverly
    $600 28
the 19th Amendment

Gary
    $600 9
Arabic

Beverly
    $600 19
lunar module

Beverly
    $600 14
Nostradamus

Beverly
    $600 3
The Tempest

Ken
    $800 25
Crystal Palace

Beverly
    $800 29
the Prohibition Party

Gary
    $800 10
Burundi

Triple Stumper
    $800 20
(Ken: What is PV?)

Prov

BeverlyKen
    $800 15
Portugal

Beverly
    $800 4
Children of a Lesser God

Beverly
    $1000 26
Seville

Gary
    $1000 30
Al Smith

Gary
    $2,000 11
Danish

Beverly
    $1000 21
(Beverly: What is a nurse?)

a nurse practitioner

Beverly
Triple Stumper
    $1000 16
Lady Jane Grey

Beverly
    $1000 5
Whose Life Is It Anyway

Gary

Scores at the end of the Double Jeopardy! Round:

Beverly Gary Ken
$10,800 $6,700 $2,200

[wagering suggestions for these scores]

Final Jeopardy! Round responses

HISTORIC NAMES
(Alex: [To Beverly] But you had to be very specific, we wanted a specific ruler, and that ruler was a Pharaoh of Egypt. [*].)
KenWhat is Nebu
$2,100
GaryWhat is Nebucanneser
$4,200
BeverlyWhat is Pharaoh?
$2,700
Akhenaten

Final scores:

Beverly Gary Ken
$8,100 $2,500 $100
3-day champion: $40,800 2nd place: trip to Mesquite, Nevada 3rd place: Oneida gift certificate

Game dynamics:

Coryat scores:

Beverly Gary Ken
$12,100 $6,700 $2,200
31 R
(including 2 DDs),
3 W
(including 1 DD)
13 R,
1 W
11 R,
1 W

Combined Coryat: $21,000

[game clues] [game scores] [suggest correction]

Game tape date: Unknown
The J! Archive is created by fans, for fans. Scraping, republication, monetization, and malicious use prohibited; this site may use cookies and collect identifying information. See terms. The Jeopardy! game show and all elements thereof, including but not limited to copyright and trademark thereto, are the property of Jeopardy Productions, Inc. and are protected under law. This website is not affiliated with, sponsored by, or operated by Jeopardy Productions, Inc. Join the discussion at JBoard.tv.